Juventud, población y desarrollo en América Latina y el Caribe: problemas, oportunidades y desafíos /

Kaydedildi:
Detaylı Bibliyografya
Kurumsal yazarlar: CELADE, CEPAL CELADE. Fondo de Población de las Naciones Unidas FNUAP
Materyal Türü: Metin
Baskı/Yayın Bilgisi: Santiago: NU
Etiketler: Etiketle
Etiket eklenmemiş, İlk siz ekleyin!

MARC

LEADER 00000 a a2200000 04500
001 26949
003
040
020 |a 92-1-321679-3  
090 |a 183000  
110 |a CELADE  
245 |a Juventud, población y desarrollo en América Latina y el Caribe: problemas, oportunidades y desafíos /  |c CELADE  
260 |a Santiago:   |b NU  
300 |a 457 p   |b **no definido**   |b fonodiscos  
710 |a CEPAL   |a CELADE. Fondo de Población de las Naciones Unidas   |a FNUAP  
999 |c 16666  |d 16666